[Event "Lliga Catalana DH"]
[Site "Barcelona"]
[Date "2018.04.14"]
[Round "11.4"]
[White "Comas Fabrego, Lluis "]
[Black "Alonso Moyano, Jonathan "]
[Result "1-0"]
[WhiteElo "2556"]
[BlackElo "2458"]
[PlyCount "69"]
[EventDate "2018.??.??"]
[WhiteTeam "CCS"]
[BlackTeam "BAB"]

1. Nf3 Nf6 2. b3 b5 3. e3 a6 4. c4 b4 5. a3 e6 6. axb4 Bxb4 7. Be2 O-O 8. O-O
c5 9. Bb2 d6 10. d4 Nbd7 11. Nc3 Rb8 12. Qc2 Bb7 13. Rfd1 Qe7 14. d5 e5 15. Nd2
g6 16. Rf1 Ne8 17. f4 f5 18. Rf2 Nef6 19. Raf1 Rbe8 20. e4 exf4 21. Rxf4 Bc8
22. Qd3 Ne5 23. Qg3 Qg7 24. exf5 Bxf5 25. h3 Nd3 26. Rxf5 Nxb2 27. R5f2 Nd7 28.
Rxf8+ Nxf8 29. Nde4 Qd4+ 30. Kh1 Bxc3 31. Nxc3 Nd7 32. Qxd6 Ne5 33. Qf6 Qxc3
34. Bg4 Nbd3 35. Be6+ 1-0

[Event "Lliga Catalana DH"]
[Site "Barcelona"]
[Date "2018.04.14"]
[Round "11.5"]
[White "Perez Mañas, Benjamin "]
[Black "Diaz Camallonga, Carles "]
[Result "1/2-1/2"]
[WhiteElo "2410"]
[BlackElo "2489"]
[PlyCount "174"]
[EventDate "2018.??.??"]
[WhiteTeam "BAB"]
[BlackTeam "CCS"]

1. e4 e6 2. d4 d5 3. Nd2 c5 4. Ngf3 cxd4 5. exd5 Qxd5 6. Bc4 Qd6 7. O-O Nf6 8.
Nb3 Nc6 9. Nbxd4 Nxd4 10. Nxd4 Be7 11. Be3 O-O 12. Qf3 Qc7 13. Bb3 Bd7 14. Rfe1
Bd6 15. h3 e5 16. Bg5 exd4 17. Bxf6 gxf6 18. Re4 Qc5 19. Qxf6 Bf5 20. Rae1 Rad8
21. Re5 Bxe5 22. Rxe5 Qd6 23. Qxf5 Kh8 24. Bc4 Rde8 25. Bd3 Qh6 26. Rxe8 Rxe8
27. Qxf7 Rf8 28. Qc7 Qg7 29. Qxg7+ Kxg7 30. g3 h5 31. h4 Re8 32. Kg2 Kf6 33.
Kf3 Ke5 34. Bg6 Rh8 35. Ke2 Rh6 36. f4+ Kf6 37. Be4 b6 38. Kd3 Rh8 39. Kxd4 Rg8
40. Bf3 Rxg3 41. Bxh5 Rh3 42. Be2 Rxh4 43. Ke4 Rh8 44. Bd3 Rh5 45. b4 Ke6 46.
Bc4+ Kd6 47. Bb3 a5 48. a3 axb4 49. axb4 Rb5 50. c3 Rh5 51. c4 Rh2 52. Kd4 Rd2+
53. Kc3 Rf2 54. f5 Rxf5 55. c5+ bxc5 56. bxc5+ Kxc5 57. Kb2 Kb4 58. Ba2 Rf2+
59. Ka1 Ka3 60. Bb1 Kb3 61. Be4 Ra2+ 62. Kb1 Ra5 63. Bc2+ Kc3 64. Bg6 Rb5+ 65.
Ka1 Kd2 66. Bb1 Kc1 67. Ba2 Rb6 68. Bd5 Rb5 69. Ba2 Kc2 70. Bf7 Rb6 71. Ba2 Rf6
72. Bb1+ Kc3 73. Ba2 Rb6 74. Bb1 Kb3 75. Ba2+ Ka3 76. Bb1 Rd6 77. Ba2 Rf6 78.
Bb1 Rf2 79. Bh7 Ra2+ 80. Kb1 Rh2 81. Bg8 Rg2 82. Bf7 Rg7 83. Be6 Re7 84. Bg8
Rb7+ 85. Ka1 Rg7 86. Ba2 Rg1+ 87. Bb1 Kb3 1/2-1/2

[Event "Lliga Catalana DH"]
[Site "Barcelona"]
[Date "2018.04.14"]
[Round "11.6"]
[White "Romero Holmes, Alfonso"]
[Black "Obon Temprano, Sergi "]
[Result "0-1"]
[WhiteElo "2533"]
[BlackElo "2384"]
[PlyCount "75"]
[EventDate "2018.??.??"]
[WhiteTeam "CCS"]
[BlackTeam "BAB"]

1. c4 c6 2. e4 d5 3. exd5 cxd5 4. d4 Nf6 5. Nc3 Nc6 6. Bg5 dxc4 7. Nf3 e6 8.
Bxc4 Be7 9. O-O O-O 10. Re1 h6 11. Bh4 Nd5 12. Bxd5 exd5 13. Bxe7 Nxe7 14. Qb3
Rb8 15. Qa3 Nc6 16. Ne5 Be6 17. Nxc6 bxc6 18. b3 Rb7 19. Na4 Qf6 20. Rad1 Re8
21. Qd6 Rbe7 22. f3 Qg5 23. Qg3 Qf6 24. Qd6 Qg5 25. Re5 Bf5 26. h4 Qxh4 27.
Qxc6 Rxe5 28. dxe5 Rxe5 29. Qa8+ Kh7 30. Qxa7 Re2 31. Nc3 Re1+ 32. Rxe1 Qxe1+
33. Kh2 Qxc3 34. Qxf7 Qe5+ 35. Kg1 d4 36. Kf2 d3 37. g4 Bg6 38. Qf4 0-1

[Event "Lliga Catalana DH"]
[Site "Barcelona"]
[Date "2018.04.14"]
[Round "11.7"]
[White "Rivas Garcia, Victor "]
[Black "Lorenzo de la Riva, Lazaro "]
[Result "0-1"]
[WhiteElo "2343"]
[BlackElo "2449"]
[PlyCount "88"]
[EventDate "2018.??.??"]
[WhiteTeam "BAB"]
[BlackTeam "CCS"]

1. e4 e5 2. Bc4 Nc6 3. Nf3 Bc5 4. c3 Nf6 5. d3 a6 6. Bb3 d6 7. h3 Ba7 8. Nbd2
h6 9. Nf1 Be6 10. Bc2 d5 11. Qe2 d4 12. Ng3 Qd6 13. O-O g5 14. Nh2 O-O-O 15.
Qf3 Nd7 16. c4 Ne7 17. Bd2 Ng6 18. Nf5 Qf8 19. g3 f6 20. b4 h5 21. c5 Nb8 22.
Rfc1 Ne7 23. Bb3 Bxb3 24. axb3 Nbc6 25. b5 axb5 26. b4 Kd7 27. Ra3 Qf7 28. Rca1
Bb8 29. Kg2 Nxf5 30. exf5 Ke7 31. Qe4 Qd5 32. f3 Kf7 33. Nf1 Ne7 34. Ra5 c6 35.
R5a3 Rh7 36. Nh2 Qd7 37. g4 hxg4 38. hxg4 Rdh8 39. Rh1 Qd8 40. Raa1 Qd5 41.
Rag1 Qa2 42. Nf1 Nd5 43. Rxh7+ Rxh7 44. Rh1 Ne3+ 0-1

[Event "Lliga Catalana DH"]
[Site "Barcelona"]
[Date "2018.04.14"]
[Round "11.8"]
[White "Perpinya Rofes, Lluis M "]
[Black "Martinez Ramirez, Erik "]
[Result "1-0"]
[WhiteElo "2445"]
[BlackElo "2335"]
[PlyCount "41"]
[EventDate "2018.??.??"]
[WhiteTeam "CCS"]
[BlackTeam "BAB"]

1. e4 c5 2. Nc3 g6 3. Nf3 Bg7 4. d4 cxd4 5. Nxd4 Nc6 6. Be3 Nf6 7. Bc4 O-O 8.
Bb3 d6 9. f3 Bd7 10. h4 Nxd4 11. Bxd4 b5 12. h5 Nxh5 13. Bxg7 Nxg7 14. Qd2 Be6
15. Qh6 Nh5 16. g4 Nf6 17. g5 Nh5 18. Rxh5 gxh5 19. Bxe6 Qb6 20. Bf5 Qg1+ 21.
Ke2 1-0

[Event "Lliga Catalana DH"]
[Site "Barcelona"]
[Date "2018.04.14"]
[Round "11.9"]
[White "Ramirez Carrizo, Victor Jose"]
[Black "Rahal, Michael "]
[Result "1/2-1/2"]
[WhiteElo "2270"]
[BlackElo "2433"]
[PlyCount "87"]
[EventDate "2018.??.??"]
[WhiteTeam "BAB"]
[BlackTeam "CCS"]

1. e4 e6 2. d4 d5 3. Nc3 Bb4 4. e5 Ne7 5. a3 Bxc3+ 6. bxc3 c5 7. Qg4 Qc7 8. Bd3
c4 9. Be2 Qa5 10. Bd2 Nf5 11. Bd1 Nc6 12. Ne2 Nce7 13. Qh3 Ng6 14. O-O h5 15.
Bg5 Bd7 16. Ng3 Nxg3 17. Qxg3 h4 18. Qe3 Ne7 19. Bg4 Ba4 20. Qd2 Qc7 21. f4 g6
22. Bf6 Rh7 23. Rf3 Kd7 24. Rh3 Nf5 25. Rb1 b5 26. Qf2 Qc8 27. Bxf5 gxf5 28.
Rxh4 Rxh4 29. Qxh4 Qg8 30. Qf2 Qh7 31. Re1 Rg8 32. Re3 a5 33. Bg5 Qg6 34. Rh3
Qg7 35. Bf6 Qg4 36. Qf3 Bxc2 37. Qxg4 fxg4 38. Rh8 Rxh8 39. Bxh8 Be4 40. Kf2
Bxg2 41. Bg7 Be4 42. Bf8 Kc6 43. Ke3 Bf5 44. Be7 1/2-1/2

[Event "Lliga Catalana DH"]
[Site "Barcelona"]
[Date "2018.04.14"]
[Round "11.10"]
[White "Bofill Mas, Alexandre"]
[Black "Almeria Vivo, Marc "]
[Result "1-0"]
[WhiteElo "2412"]
[BlackElo "2298"]
[PlyCount "121"]
[EventDate "2018.??.??"]
[WhiteTeam "CCS"]
[BlackTeam "BAB"]

1. c4 Nf6 2. g3 g6 3. Bg2 Bg7 4. Nc3 O-O 5. e4 d6 6. Nge2 e5 7. O-O Be6 8. d3
c5 9. f4 Bg4 10. f5 h6 11. h3 Bxe2 12. Qxe2 Nc6 13. Be3 Nd4 14. Qd2 Kh7 15. g4
g5 16. Bf3 Rh8 17. Kg2 Nd7 18. Rh1 Kg8 19. Rh2 a6 20. Rah1 b5 21. h4 f6 22. Bd1
bxc4 23. dxc4 Nb6 24. b3 Qe7 25. Rh3 Kf7 26. Ne2 Qb7 27. Ng3 a5 28. hxg5 hxg5
29. Bxg5 Rxh3 30. Rxh3 a4 31. Bxf6 Bxf6 32. Rh7+ Bg7 33. f6 Rg8 34. Qh6 Ne6 35.
g5 axb3 36. axb3 Nc8 37. Bh5+ Kf8 38. fxg7+ Rxg7 39. Rxg7 Nf4+ 40. Kf3 Qxg7 41.
Qxg7+ Kxg7 42. Bg4 Ne7 43. Nf5+ Nxf5 44. exf5 Nd3 45. Bh5 Nc1 46. f6+ Kf8 47.
g6 Nxb3 48. Ke4 Nd4 49. Kd5 Nf5 50. g7+ Kg8 51. Ke6 Nh6 52. Kxd6 e4 53. Ke7
Nf5+ 54. Ke6 Nh6 55. Ke5 e3 56. Kf4 Kh7 57. Kxe3 Nf5+ 58. Kf4 Nd6 59. Bf3 Ne8
60. Be4+ Kg8 61. Bd5+ 1-0

[Event "Lliga Catalana DH"]
[Site "Barcelona"]
[Date "2018.04.14"]
[Round "11.1"]
[White "Asis Gargatagli, Hipolito "]
[Black "Jerez Perez, Alfonso "]
[Result "1-0"]
[WhiteElo "2561"]
[BlackElo "2456"]
[PlyCount "79"]
[EventDate "2018.??.??"]
[WhiteTeam "SCU"]
[BlackTeam "FOM"]

1. e4 e6 2. d4 d5 3. Nc3 Bb4 4. e5 c5 5. a3 Ba5 6. b4 cxd4 7. Qg4 Ne7 8. bxa5
dxc3 9. Qxg7 Rg8 10. Qxh7 Nbc6 11. Nf3 Qc7 12. Bf4 Bd7 13. a6 b6 14. Bg3 O-O-O
15. Bd3 Rh8 16. Qg7 Rdg8 17. Qf6 Be8 18. O-O Rh5 19. Qf4 Nf5 20. Rfe1 Qe7 21.
Reb1 Qc7 22. Bxf5 Rxf5 23. Qe3 Rxf3 24. Qxf3 Nd4 25. Qd3 Qc5 26. Rb4 Nf5 27.
Rab1 Bc6 28. Rf4 Rg5 29. Rbb4 b5 30. Rf3 d4 31. Rxf5 exf5 32. Rxd4 f4 33. Bxf4
Rxg2+ 34. Kf1 Qxa3 35. Rd8+ Kc7 36. e6+ Kb6 37. Rd6 Qa1+ 38. Ke2 b4 39. Rxc6+
Kxc6 40. Qc4+ 1-0

[Event "Lliga Catalana DH"]
[Site "Barcelona"]
[Date "2018.04.14"]
[Round "11.2"]
[White "Granados Gomez, Manel"]
[Black "Alonso Bouza, Julio Javier"]
[Result "1-0"]
[WhiteElo "2446"]
[BlackElo "2373"]
[PlyCount "119"]
[EventDate "2018.??.??"]
[WhiteTeam "FOM"]
[BlackTeam "SCU"]

1. d4 d6 2. e4 Nf6 3. Bd3 e5 4. c3 d5 5. dxe5 Nxe4 6. Bxe4 dxe4 7. Qa4+ Bd7 8.
Qxe4 Bc6 9. Qg4 h5 10. Qh3 Qd7 11. e6 Qxe6+ 12. Qxe6+ fxe6 13. Nf3 Bxf3 14.
gxf3 Nd7 15. Ke2 Be7 16. Be3 O-O 17. Nd2 Ne5 18. Rag1 Rf7 19. Rg2 Rd8 20. Rhg1
b6 21. Bd4 Rd5 22. h3 c5 23. Be3 Bh4 24. b3 Kf8 25. f4 Nd3 26. c4 Rdd7 27. Nf3
Bf6 28. a3 e5 29. fxe5 Bxe5 30. Rg5 Nf4+ 31. Bxf4 Bxf4 32. Rxh5 Rfe7+ 33. Kf1
Rd3 34. Nh4 Rd1+ 35. Kg2 Rxg1+ 36. Kxg1 Re1+ 37. Kg2 Bc1 38. a4 Rd1 39. Rd5
Rxd5 40. cxd5 a6 41. Kf3 b5 42. axb5 axb5 43. Ke4 Bb2 44. Nf5 g6 45. Nd6 b4 46.
Kd3 Bd4 47. Ne4 Kf7 48. Kc4 Ke7 49. f3 Be3 50. Nxc5 Kd6 51. Nd3 g5 52. Nxb4 Bb6
53. Nd3 Bg1 54. b4 Be3 55. Nc5 Ke5 56. Nb7 Kf4 57. d6 Kxf3 58. d7 Kg3 59. d8=Q
Kxh3 60. Qd3 1-0

[Event "Lliga Catalana DH"]
[Site "Barcelona"]
[Date "2018.04.14"]
[Round "11.3"]
[White "Lillo Castany, Victor "]
[Black "Mestre Bellido, Hector "]
[Result "1/2-1/2"]
[WhiteElo "2401"]
[BlackElo "2353"]
[PlyCount "73"]
[EventDate "2018.??.??"]
[WhiteTeam "SCU"]
[BlackTeam "FOM"]

1. e4 e5 2. Nf3 d6 3. d4 Nd7 4. Nc3 Ngf6 5. Bc4 Be7 6. a4 c6 7. O-O O-O 8. h3
Qc7 9. Re1 h6 10. a5 Re8 11. Be3 Nf8 12. Bb3 Be6 13. d5 cxd5 14. Nxd5 Nxd5 15.
Bxd5 Nd7 16. c4 Nf6 17. Qd3 Rec8 18. Rec1 Qd7 19. Nd2 Bd8 20. b4 Nh5 21. a6
Bxd5 22. Qxd5 bxa6 23. Rxa6 Nf6 24. Qd3 Qb7 25. Rca1 Bb6 26. R1a4 Ne8 27. Bxb6
axb6 28. Rxa8 Rxa8 29. Qa3 Nc7 30. Rxa8+ Qxa8 31. Qxa8+ Nxa8 32. Nb1 Nc7 33.
Nc3 g6 34. Kf1 f5 35. Ke2 Kf7 36. Kd3 Ke7 37. f3 1/2-1/2

[Event "Lliga Catalana DH"]
[Site "Barcelona"]
[Date "2018.04.14"]
[Round "11.4"]
[White "Torrecillas Martinez, Antonio "]
[Black "Lerch Gallemi, Jose Ma "]
[Result "1/2-1/2"]
[WhiteElo "2384"]
[BlackElo "2322"]
[PlyCount "106"]
[EventDate "2018.??.??"]
[WhiteTeam "FOM"]
[BlackTeam "SCU"]

1. Nf3 Nf6 2. c4 e6 3. g3 d5 4. Bg2 Bd6 5. O-O O-O 6. d4 c6 7. b3 Ne4 8. Ba3
Bxa3 9. Nxa3 Qa5 10. Nc2 Nd7 11. Qe1 Qc3 12. Qxc3 Nxc3 13. Rfe1 Re8 14. Nd2 f5
15. Kf1 Ne4 16. Red1 a5 17. Ne3 Nxd2+ 18. Rxd2 Nf6 19. Rc1 Bd7 20. Rdc2 g5 21.
Nd1 dxc4 22. Rxc4 e5 23. dxe5 Rxe5 24. Nb2 Rae8 25. e3 Ne4 26. Rd4 Be6 27. Nd3
Rb5 28. Bxe4 fxe4 29. Nc5 Bh3+ 30. Ke1 Re5 31. Nxe4 Kg7 32. f4 gxf4 33. exf4
Re7 34. Kf2 Rh5 35. Ng5 Bg4 36. h4 Re2+ 37. Kf1 h6 38. f5 hxg5 39. Rxg4 Re5 40.
Rd1 Kf6 41. Rd7 Rxf5+ 42. Kg2 gxh4 43. gxh4 Rd5 44. Rxb7 Rd2+ 45. Kh3 Rxa2 46.
Rc4 c5 47. Rb6+ Ke7 48. Rc6 Ra3 49. Kg4 Rd5 50. R6xc5 Rxc5 51. Rxc5 Rxb3 52.
Rxa5 Kf6 53. Ra6+ Ke5 1/2-1/2

[Event "Lliga Catalana DH"]
[Site "Barcelona"]
[Date "2018.04.14"]
[Round "11.5"]
[White "Mateos Rozas, Miguel Angel "]
[Black "Arias Boo, Guillermo "]
[Result "1/2-1/2"]
[WhiteElo "2295"]
[BlackElo "2359"]
[PlyCount "28"]
[EventDate "2018.??.??"]
[WhiteTeam "SCU"]
[BlackTeam "FOM"]

1. e4 d6 2. d4 Nf6 3. Nc3 Nbd7 4. g3 e5 5. Bg2 g6 6. Nge2 Bg7 7. O-O O-O 8. h3
c6 9. Be3 Qc7 10. Qd2 Re8 11. Rad1 a6 12. d5 c5 13. a4 Rb8 14. Ra1 b5 1/2-1/2

[Event "Lliga Catalana DH"]
[Site "Barcelona"]
[Date "2018.04.14"]
[Round "11.6"]
[White "Estrella Vidiella, Jordi "]
[Black "Romero Calderon, Juan "]
[Result "1/2-1/2"]
[WhiteElo "2348"]
[BlackElo "2301"]
[PlyCount "121"]
[EventDate "2018.??.??"]
[WhiteTeam "FOM"]
[BlackTeam "SCU"]

1. Nf3 c5 2. c4 g6 3. g3 Bg7 4. Bg2 Nc6 5. O-O d6 6. Nc3 Nh6 7. d3 O-O 8. Bd2
a6 9. h3 Nf5 10. a3 Rb8 11. Rb1 Nfd4 12. Ne1 e6 13. b4 cxb4 14. axb4 Ne7 15. e3
Ndf5 16. b5 axb5 17. Nxb5 Nc6 18. d4 Ra8 19. Nd3 e5 20. d5 Na5 21. c5 dxc5 22.
Nxc5 Nc4 23. Bc3 Nfd6 24. Nxd6 Nxd6 25. Qb3 b5 26. Rbc1 Qb6 27. Bb4 Rd8 28. Ne6
Bxe6 29. dxe6 Rac8 30. Rxc8 Rxc8 31. Bxd6 Qxd6 32. exf7+ Kf8 33. Bd5 b4 34. e4
Bf6 35. Ra1 Qb6 36. Kg2 Be7 37. Qd3 Qc7 38. Qe3 Kg7 39. Ra7 Qd6 40. Rb7 Bf8 41.
h4 Rb8 42. Rxb8 Qxb8 43. h5 Qd6 44. h6+ Kh8 45. Qg5 Qe7 46. Qxe7 Bxe7 47. f4
Bf8 48. fxe5 Bxh6 49. Kf3 Bf8 50. Kf4 Kg7 51. g4 h6 52. Bb3 Be7 53. e6 h5 54.
g5 h4 55. Bd5 h3 56. e5 h2 57. Kg3 Bxg5 58. Kxh2 Be7 59. Kg3 Kh6 60. Kg4 g5 61.
Bb3 1/2-1/2

[Event "Lliga Catalana DH"]
[Site "Barcelona"]
[Date "2018.04.14"]
[Round "11.7"]
[White "Brusi Noguera, Ricardo LL."]
[Black "Garrido Fernandez, Daniel "]
[Result "1-0"]
[WhiteElo "2310"]
[BlackElo "2304"]
[PlyCount "168"]
[EventDate "2018.??.??"]
[WhiteTeam "SCU"]
[BlackTeam "FOM"]

1. d4 f5 2. g3 Nf6 3. Bg2 g6 4. c3 Bg7 5. Qb3 Nc6 6. Nd2 d5 7. Nh3 e6 8. Nf4
Qe7 9. Nf3 Ne4 10. h4 b6 11. Nd3 Bb7 12. Bf4 O-O-O 13. Nfe5 Qe8 14. Nxc6 Bxc6
15. Be5 Ba4 16. Qa3 Bf8 17. b4 Rg8 18. Nb2 Bb5 19. Qxa7 Qc6 20. Qa3 Qxc3+ 21.
Qxc3 Nxc3 22. a3 Na4 23. Rc1 Bd6 24. Bxd6 Rxd6 25. Nxa4 Bxa4 26. Kd2 Kd7 27.
Rc3 Rc6 28. Rhc1 Ra8 29. e3 Rxc3 30. Rxc3 Bb5 31. Bf3 h6 32. Be2 Bxe2 33. Kxe2
g5 34. hxg5 hxg5 35. Kf3 g4+ 36. Ke2 Kd6 37. Kd3 Rh8 38. Rc1 Ra8 39. Rc3 c6 40.
Ke2 Rh8 41. Rc1 Rh7 42. Kd3 Ra7 43. Rc3 Ra8 44. Ke2 Rh8 45. Rc1 Rh7 46. Kd3 Rh2
47. Ke2 Rh8 48. Kd3 Ra8 49. Rc3 e5 50. dxe5+ Kxe5 51. Rxc6 Rxa3+ 52. Ke2 Ra2+
53. Kf1 Ke4 54. Kg2 d4 55. exd4 Kxd4 56. Rxb6 Rb2 57. Rb8 Ke5 58. b5 Kd6 59. b6
Kc6 60. Rf8 Rxb6 61. Rxf5 Kd7 62. Rf4 Rg6 63. Re4 Kd6 64. f3 gxf3+ 65. Kxf3 Kd5
66. Re8 Kd6 67. Kf4 Kd7 68. Re3 Rg8 69. g4 Rf8+ 70. Kg5 Rg8+ 71. Kf4 Rf8+ 72.
Kg3 Rg8 73. Re4 Re8 74. Rf4 Re1 75. g5 Ke7 76. Kg4 Rh1 77. g6 Rg1+ 78. Kh5 Rh1+
79. Kg5 Rh2 80. g7 Rg2+ 81. Kh6 Rg1 82. Kh7 Rh1+ 83. Kg8 Rh2 84. Re4+ Kf6 1-0

[Event "Lliga Catalana DH"]
[Site "Barcelona"]
[Date "2018.04.14"]
[Round "11.8"]
[White "Llaneza Vega, Patricia "]
[Black "Sierra Montoya, Miquel "]
[Result "1/2-1/2"]
[WhiteElo "2298"]
[BlackElo "2276"]
[PlyCount "53"]
[EventDate "2018.??.??"]
[WhiteTeam "FOM"]
[BlackTeam "SCU"]

1. e4 c5 2. Nf3 d6 3. d4 cxd4 4. Nxd4 Nf6 5. Nc3 Nc6 6. Bg5 e6 7. Qd2 a6 8.
O-O-O Bd7 9. f4 b5 10. Bxf6 gxf6 11. Nxc6 Bxc6 12. f5 h5 13. Qe1 b4 14. Nd5 a5
15. fxe6 fxe6 16. Bd3 Ra7 17. Rf1 Bh6+ 18. Kb1 exd5 19. exd5+ Re7 20. Bg6+ Kf8
21. Qh4 Be8 22. Qxf6+ Kg8 23. Bf5 Bg7 24. Be6+ Kh7 25. Bf5+ Kg8 26. Be6+ Kh7
27. Bf5+ 1/2-1/2

[Event "Lliga Catalana DH"]
[Site "Barcelona"]
[Date "2018.04.14"]
[Round "11.9"]
[White "Sorroche Martin, Josep Ma "]
[Black "Chalmeta Ugas, Jordi "]
[Result "1/2-1/2"]
[WhiteElo "2243"]
[BlackElo "2293"]
[PlyCount "40"]
[EventDate "2018.??.??"]
[WhiteTeam "SCU"]
[BlackTeam "FOM"]

1. e4 e6 2. d3 d5 3. Nd2 Nf6 4. Ngf3 Nc6 5. g3 dxe4 6. dxe4 e5 7. Bg2 Bc5 8.
O-O O-O 9. c3 a5 10. Qc2 Be6 11. Ng5 Bd7 12. Nc4 Qe7 13. Ne3 h6 14. Nf3 Rfe8
15. Nh4 Qf8 16. Nd5 Nxd5 17. exd5 Na7 18. Nf5 Nc8 19. Be3 Bxe3 20. Nxe3 Qc5
1/2-1/2

[Event "Lliga Catalana DH"]
[Site "Barcelona"]
[Date "2018.04.14"]
[Round "11.10"]
[White "De la Riva Aguado, Jordi "]
[Black "Barcelo Tizon, Christian "]
[Result "1-0"]
[WhiteElo "2314"]
[BlackElo "2164"]
[PlyCount "95"]
[EventDate "2018.??.??"]
[WhiteTeam "FOM"]
[BlackTeam "SCU"]

1. e4 c5 2. Nc3 Nc6 3. g3 g6 4. Bg2 Bg7 5. d3 d6 6. Be3 Nf6 7. h3 O-O 8. Nge2
Bd7 9. O-O Rb8 10. f4 b5 11. Qd2 b4 12. Nd1 a5 13. g4 a4 14. Nf2 b3 15. axb3
axb3 16. c3 c4 17. d4 e6 18. Ng3 d5 19. e5 Ne8 20. f5 f6 21. exf6 Bxf6 22. g5
Be7 23. f6 Bd6 24. Bf4 Qc7 25. Ng4 Bxf4 26. Rxf4 Nd6 27. Nh6+ Kh8 28. h4 Nf7
29. Nxf7+ Rxf7 30. Nf1 Ne7 31. Nh2 Nf5 32. Ng4 Bc6 33. Ne5 Rff8 34. Bh3 Be8 35.
Bxf5 exf5 36. Rff1 Bf7 37. Qf4 Qb7 38. Ra4 Ra8 39. Rfa1 Rxa4 40. Rxa4 Kg8 41.
Kf2 Be6 42. Qf3 Ra8 43. Rxa8+ Qxa8 44. Nxc4 Qa1 45. Qe2 Bf7 46. Qe7 Qa8 47. Nd6
Qf8 48. Qd7 1-0

[Event "Lliga Catalana DH"]
[Site "?"]
[Date "2018.04.14"]
[Round "11.1"]
[White "Demuth, Adrien"]
[Black "Gonzalez Rodriguez, Jorge"]
[Result "1-0"]
[WhiteElo "2528"]
[BlackElo "2381"]
[PlyCount "69"]
[EventDate "2018.??.??"]
[WhiteTeam "MLL"]
[BlackTeam "FIG"]

1. Nf3 Nf6 2. c4 e6 3. g3 b6 4. Bg2 Bb7 5. O-O c5 6. Nc3 Be7 7. d4 cxd4 8. Qxd4
O-O 9. Rd1 d6 10. b3 Nbd7 11. e4 a6 12. Ba3 Nc5 13. e5 dxe5 14. Qxd8 Rfxd8 15.
Nxe5 Bxg2 16. Kxg2 Rac8 17. Rxd8+ Bxd8 18. Rd1 Nfe4 19. Nxe4 Nxe4 20. f3 Bf6
21. Nd7 Nc3 22. Rd3 Nxa2 23. Rd2 Nc3 24. Nxf6+ gxf6 25. Bb4 Na4 26. bxa4 Rxc4
27. Be7 Kg7 28. Rb2 Rxa4 29. Rxb6 h5 30. Kh3 f5 31. f4 Ra2 32. Rb8 f6 33. Rf8
Rd2 34. Rxf6 Rd6 35. Rxf5 1-0

[Event "Lliga Catalana DH"]
[Site "?"]
[Date "2018.04.14"]
[Round "11.2"]
[White "Serra Pages, Jordi"]
[Black "Arenas Vanegas, David"]
[Result "1/2-1/2"]
[WhiteElo "2338"]
[BlackElo "2495"]
[PlyCount "87"]
[EventDate "2018.??.??"]
[WhiteTeam "FIG"]
[BlackTeam "MLL"]

1. d4 g6 2. c4 Bg7 3. Nc3 d6 4. e4 e5 5. Nge2 Nc6 6. Be3 Nh6 7. f3 f5 8. d5 Ne7
9. Qd2 Nf7 10. c5 h5 11. Nc1 Bh6 12. Bxh6 Rxh6 13. f4 exf4 14. Qxf4 fxe4 15.
Bb5+ c6 16. O-O Bf5 17. dxc6 bxc6 18. Nxe4 dxc5 19. Bc4 Qd4+ 20. Kh1 Rh8 21.
Bxf7+ Kxf7 22. Nb3 Qxb2 23. Nbxc5 Rhd8 24. Ng5+ Kg8 25. Qc4+ Rd5 26. Rae1 Qb5
27. Qxb5 cxb5 28. Na6 Rd7 29. Nc5 Rc7 30. Na6 Rc6 31. Rxe7 Rxa6 32. Nf7 Kg7 33.
Nd6+ Kf6 34. Nxf5 gxf5 35. Rb7 Ra5 36. h3 Rg8 37. Rf2 Rg3 38. Rb8 Rga3 39. Rf8+
Ke7 40. R2xf5 Rxa2 41. R8f7+ Kd6 42. R7f6+ Ke7 43. Rf7+ Kd6 44. R7f6+ 1/2-1/2

[Event "Lliga Catalana DH"]
[Site "?"]
[Date "2018.04.14"]
[Round "11.3"]
[White "Garriga Cazorla, Pere"]
[Black "Ibañez Tarradellas, Eduard"]
[Result "*"]
[WhiteElo "2469"]
[BlackElo "2319"]
[PlyCount "89"]
[EventDate "2018.??.??"]
[WhiteTeam "MLL"]
[BlackTeam "FIG"]

1. e4 d5 2. exd5 Nf6 3. d4 Bg4 4. Nf3 Nxd5 5. h3 Bxf3 6. Qxf3 Nb4 7. Na3 Qd5 8.
Qg4 Qd7 9. c3 Nd5 10. Bb5 c6 11. Bd3 e6 12. Nc4 Qc7 13. O-O Nd7 14. Re1 g6 15.
Bg5 Be7 16. Bd2 O-O 17. Qf3 Bf6 18. g3 Bg7 19. h4 c5 20. dxc5 Nxc5 21. Bf1 Rad8
22. Rad1 Rd7 23. h5 Rfd8 24. Bg5 f6 25. Bc1 b5 26. Ne3 a6 27. Nxd5 Rxd5 28.
Rxd5 exd5 29. Rd1 Ne4 30. Be3 f5 31. hxg6 hxg6 32. g4 fxg4 33. Qxg4 Qf7 34. Bh3
Rd6 35. Bg2 Nf6 36. Qc8+ Qf8 37. Qb7 Qd8 38. Bc5 Rd7 39. Qxa6 Qb8 40. Qe6+ Kh7
41. Rd3 Qc7 42. Rh3+ Nh5 43. Be3 Qd6 44. Qxd6 Rxd6 45. Bf3 *

[Event "Lliga Catalana DH"]
[Site "?"]
[Date "2018.04.14"]
[Round "11.4"]
[White "Baños, Oscar Francisco"]
[Black "Fernandez Diaz, Cristian"]
[Result "0-1"]
[WhiteElo "2307"]
[BlackElo "2349"]
[PlyCount "80"]
[EventDate "2018.??.??"]
[WhiteTeam "FIG"]
[BlackTeam "MLL"]

1. c4 Nf6 2. Nc3 c5 3. Nf3 Nc6 4. e3 e6 5. d4 cxd4 6. exd4 d5 7. Bd3 dxc4 8.
Bxc4 Be7 9. O-O O-O 10. Re1 b6 11. Bg5 Bb7 12. a3 Rc8 13. Ba2 Nd5 14. Bd2 Nxc3
15. Bxc3 Bf6 16. Ne5 Ne7 17. Rc1 Bg5 18. Rc2 Bd5 19. Bxd5 Qxd5 20. Bb4 Rxc2 21.
Qxc2 Rc8 22. Qd3 Nf5 23. Nf3 Bf6 24. Bc3 Rd8 25. Qa6 Qd7 26. Ne5 Qc7 27. Qa4 a5
28. h3 h5 29. Re2 Nxd4 30. Bxd4 Qc1+ 31. Kh2 Qf4+ 32. g3 Qxd4 33. Qxd4 Rxd4 34.
Kg2 Rd5 35. Nc4 Rb5 36. Rd2 Rb3 37. f4 a4 38. Kf2 b5 39. Ne5 Bxe5 40. fxe5 h4
0-1

[Event "Lliga Catalana DH"]
[Site "?"]
[Date "2018.04.14"]
[Round "11.5"]
[White "Montilla Carrillo, Esteban"]
[Black "Pinsach Gelabert, Alexandre"]
[Result "1-0"]
[WhiteElo "2315"]
[BlackElo "2294"]
[PlyCount "97"]
[EventDate "2018.??.??"]
[WhiteTeam "MLL"]
[BlackTeam "FIG"]

1. d4 d5 2. Nf3 Nf6 3. c4 dxc4 4. Nc3 Bg4 5. Ne5 Bh5 6. Qa4+ Nbd7 7. e3 a6 8.
Nxd7 Qxd7 9. Qxd7+ Kxd7 10. Bxc4 e6 11. O-O c5 12. a4 Rc8 13. d5 exd5 14. Nxd5
Nxd5 15. Bxd5 Kc7 16. e4 Bd6 17. Be3 b6 18. a5 b5 19. h3 Bg6 20. Rac1 Kb8 21.
f4 Bxe4 22. Bxe4 Rce8 23. Bxc5 Bxc5+ 24. Rxc5 Rxe4 25. Rc6 Rc8 26. Rxa6 Rc2 27.
Rb6+ Ka7 28. Rxb5 f6 29. Rf3 Ree2 30. Rg3 g6 31. b4 Rb2 32. f5 g5 33. Rb6 h5
34. Rxf6 g4 35. Kh2 Rxb4 36. hxg4 hxg4 37. Rd3 Re7 38. Kg3 Ra4 39. a6 Rg7 40.
Rb3 Rxa6 41. Rxa6+ Kxa6 42. Kf4 Ka5 43. f6 Rf7 44. Kf5 Ka4 45. Rb8 g3 46. Kg6
Rc7 47. f7 Rc6+ 48. Kg5 Rc5+ 49. Kg4 1-0

[Event "Lliga Catalana DH"]
[Site "?"]
[Date "2018.04.14"]
[Round "11.6"]
[White "Colls Gelaberto, Emili"]
[Black "Morros Faura, Ricard"]
[Result "0-1"]
[WhiteElo "2271"]
[BlackElo "2332"]
[PlyCount "140"]
[EventDate "2018.??.??"]
[WhiteTeam "FIG"]
[BlackTeam "MLL"]

1. Nf3 f5 2. g3 Nf6 3. Bg2 g6 4. b3 Bg7 5. Bb2 O-O 6. O-O d6 7. d4 a5 8. a4 Nc6
9. Na3 h6 10. Ne1 Nh5 11. Nc4 f4 12. Nf3 Bg4 13. d5 Bxb2 14. Nxb2 Nb4 15. c3
Na6 16. Nd4 Kh7 17. Qc2 Nc5 18. b4 e5 19. dxe6 Nxe6 20. Bxb7 Nxd4 21. cxd4 Ra7
22. Be4 Qf6 23. bxa5 Bh3 24. Bg2 Bxg2 25. Kxg2 Rf7 26. Qd2 Qg5 27. Rad1 Rxa5
28. Qc1 Qe7 29. Qd2 Rg5 30. a5 Qe4+ 31. f3 Qa8 32. Ra1 fxg3 33. Nd3 gxh2+ 34.
Kxh2 Ng7 35. Rg1 Rh5+ 36. Kg2 Nf5 37. Nf2 Rg5+ 38. Kh2 Rh5+ 39. Kg2 Qa7 40. Ra4
Re7 41. Ng4 Rg5 42. Kf2 Kg7 43. e4 Nh4 44. Qe3 Rf7 45. Nh2 Rxa5 46. Rxa5 Qxa5
47. Rg3 Qa2+ 48. Qe2 Qxe2+ 49. Kxe2 g5 50. Ng4 Ng6 51. Ne3 Nf4+ 52. Kd2 c5 53.
Nf5+ Rxf5 54. exf5 cxd4 55. Rg1 Kf6 56. Ra1 Kxf5 57. Ra4 Ke5 58. Ra8 h5 59. Rg8
Kf6 60. Rf8+ Kg7 61. Rd8 d5 62. Rd6 h4 63. Ke1 d3 64. Ra6 h3 65. Ra7+ Kf6 66.
Kf2 Ke5 67. Kg3 Kd4 68. Kg4 Ke3 69. Ra1 d2 70. Kxg5 Nd3 0-1